| 000 | 00497nam a22001697a 4500 | ||
|---|---|---|---|
| 003 | BD-DhUL | ||
| 005 | 20170508174942.0 | ||
| 008 | 170508b? bg ||||| |||| 00| 0 ben d | ||
| 040 | _cBD-DhUL | ||
| 082 |
_a320.092 _bMUJ |
||
| 245 | _aমুজিব স্মারক গ্রন্থ / | ||
| 260 |
_aঢাকা : _bজাতীয় যুবলিগ _c? |
||
| 300 |
_a৭৪ পৃ. : _c২০ সে.মি. |
||
| 650 | _aজীবনী | ||
| 651 | _aBiography | ||
| 942 |
_2ddc _cBK |
||
| 999 |
_c194644 _d194644 |
||